00463 2200205 4500001002100000005001500021035002000036245003600056100001500092250000600107300002700113700001800140260003100158082000800189084001400197020001800211600001000229990000900239990000900248INLIS00000000000062020200218082601 a0010-02200000501 aKimia C1 :bKimia /cAas Saidah0 aAas Saidah a1 a363hal :bilus ;c23cm0 aMichael Purba aJakarta :bErlangga,c2017 a540 a540 AAS k a9786024344665 4aKimia a8484 a8484